000 00308nam a2200109Ia 4500
008 200302s9999 xx 000 0 und d
100 _aZafer Toprak
245 _aIstanbul The City Where the Continents Seas Roads, Merchants Meet
260 _bIstanbul Chamber of Commerce
260 _c2003
300 _a319 P.,l
999 _c2207
_d2207